000 nam a22 7a 4500
999 _c9486
_d9486
008 180201b ||||| |||| 00| 0 eng d
100 _aSarna, C S
_95679
245 _aGrow with composite Mathematics -VIII
260 _aNew Delhi
_bArya Publication
_c2007